000 00426nam a22001577a 4500
020 _a978-81-254-6396-5
082 _a823
_bADI/B
100 _aADIB, SHVANI
245 _aTHE BOY WHO WOULDN'T BATHE AND OTHER STORIES
_bSHORT STORY
246 _aTHE BOY WHO WOULDN'T BATHE AND OTHER STORIES
_bSHORT STORY
260 _aKOTTAYAM
_bDC BOOKS
_c2015
300 _a70
520 _aSHORT STORY
650 _aSHORT STORY
942 _cBK
999 _c2861
_d2861